<?xml version="1.0" encoding="UTF-8"?><?xml-stylesheet type="text/xsl" href="static/style.xsl"?><OAI-PMH xmlns="http://www.openarchives.org/OAI/2.0/" xmlns:xsi="http://www.w3.org/2001/XMLSchema-instance" xsi:schemaLocation="http://www.openarchives.org/OAI/2.0/ http://www.openarchives.org/OAI/2.0/OAI-PMH.xsd"><responseDate>2026-05-15T14:08:22Z</responseDate><request verb="GetRecord" identifier="oai:riubu.ubu.es:10259/11162" metadataPrefix="marc">https://riubu.ubu.es/oai/request</request><GetRecord><record><header><identifier>oai:riubu.ubu.es:10259/11162</identifier><datestamp>2025-12-19T01:05:40Z</datestamp><setSpec>com_10259_3847</setSpec><setSpec>com_10259_5086</setSpec><setSpec>com_10259_2604</setSpec><setSpec>col_10259_7409</setSpec><setSpec>col_10259_7109</setSpec></header><metadata><record xmlns="http://www.loc.gov/MARC21/slim" xmlns:doc="http://www.lyncode.com/xoai" xmlns:xsi="http://www.w3.org/2001/XMLSchema-instance" xmlns:dcterms="http://purl.org/dc/terms/" xsi:schemaLocation="http://www.loc.gov/MARC21/slim http://www.loc.gov/standards/marcxml/schema/MARC21slim.xsd">
<leader>00925njm 22002777a 4500</leader>
<datafield tag="042" ind1=" " ind2=" ">
<subfield code="a">dc</subfield>
</datafield>
<datafield tag="720" ind1=" " ind2=" ">
<subfield code="a">Marco Detchart, Cédric</subfield>
<subfield code="e">author</subfield>
</datafield>
<datafield tag="720" ind1=" " ind2=" ">
<subfield code="a">Curiel Herrera, Leticia Elena</subfield>
<subfield code="e">author</subfield>
</datafield>
<datafield tag="720" ind1=" " ind2=" ">
<subfield code="a">Urda Muñoz, Daniel</subfield>
<subfield code="e">author</subfield>
</datafield>
<datafield tag="720" ind1=" " ind2=" ">
<subfield code="a">Rincón Arango, Jaime Andrés</subfield>
<subfield code="e">author</subfield>
</datafield>
<datafield tag="260" ind1=" " ind2=" ">
<subfield code="c">2025-11</subfield>
</datafield>
<datafield tag="520" ind1=" " ind2=" ">
<subfield code="a">The integration of emerging technologies such as Virtual Reality (VR), Artificial Intelligence (AI), and the Internet of Medical Things (IoMT) is transforming personalized healthcare. This work presents an innovative system that leverages the concept of digital health twins, IoMT devices, and immersive VR environments to enable real-time remote monitoring of biomedical signals (ECG, PPG, blood pressure, oxygen saturation, among others). Captured data is transmitted to centralized servers where neural networks analyze health parameters, allowing early anomaly detection and dynamic adjustment of treatment plans. The system also incorporates a cloud-connected assistant based on embedded hardware, enhancing continuous patient monitoring and interaction within both physical and virtual environments. To safeguard sensitive medical data, robust cybersecurity measures are integrated, including encrypted communications, authentication protocols, and local storage failover in case of connectivity loss. This multi-layered approach ensures patient confidentiality and system resilience. By improving diagnostic accuracy, optimizing patient experiences, and extending healthcare access to remote areas, this solution contributes to reducing overcrowding in medical facilities and enabling more equitable healthcare delivery.</subfield>
</datafield>
<datafield tag="024" ind2=" " ind1="8">
<subfield code="a">978-3-032-10486-1</subfield>
</datafield>
<datafield tag="024" ind2=" " ind1="8">
<subfield code="a">https://hdl.handle.net/10259/11162</subfield>
</datafield>
<datafield tag="024" ind2=" " ind1="8">
<subfield code="a">10.1007/978-3-032-10486-1_46</subfield>
</datafield>
<datafield ind1=" " ind2=" " tag="653">
<subfield code="a">Edge-AI</subfield>
</datafield>
<datafield ind1=" " ind2=" " tag="653">
<subfield code="a">Cognitive assistant</subfield>
</datafield>
<datafield ind1=" " ind2=" " tag="653">
<subfield code="a">Healthcare</subfield>
</datafield>
<datafield ind1=" " ind2=" " tag="653">
<subfield code="a">IoMT</subfield>
</datafield>
<datafield ind1=" " ind2=" " tag="653">
<subfield code="a">Virtual reality</subfield>
</datafield>
<datafield ind1=" " ind2=" " tag="653">
<subfield code="a">ML</subfield>
</datafield>
<datafield tag="245" ind1="0" ind2="0">
<subfield code="a">Towards Intelligent and Immersive Healthcare: Edge-AI, IoMT, and Digital Twins in the Metaverse</subfield>
</datafield>
</record></metadata></record></GetRecord></OAI-PMH>